[Event "Sabadell Otero Memorial"]
[Site "Sabadell"]
[Date "2023.04.14"]
[Round "1"]
[White "Cruz Estrada, Filemon"]
[Black "Yanguas Martinez, Hermogenes"]
[Result "1-0"]
[WhiteElo "2284"]
[BlackElo "1569"]
[PlyCount "45"]
[EventDate "2023.04.14"]
[EventType "swiss"]
[EventRounds "8"]
[EventCountry "ESP"]
[SourceTitle "EXT 2024"]
[Source "ChessBase"]
[SourceDate "2023.10.10"]
[SourceVersion "1"]
[SourceVersionDate "2023.10.10"]
[SourceQuality "1"]

1. c4 g6 2. Nc3 Bg7 3. e4 d6 4. d4 a6 5. Be2 Nd7 6. h4 h5 7. Nf3 e6 8. Bg5 f6 9. Be3 Ne7 10. Qd2 b6 11. 0-0-0 Nc6 12. d5 exd5 13. cxd5 Nce5 14. Nd4 Nc5 15. f4 Ng4 16. Kc2 Nxe3+ 17. Qxe3 Bd7 18. Qg3 Kf7 19. f5 g5 20. Ne6 Bxe6 21. dxe6+ Ke7 22. hxg5 Rg8 23. Nd5+ 1-0

[Event "Vall del Tenes op 5th"]
[Site "Vall del Tenes"]
[Date "2016.05.13"]
[Round "6"]
[White "Yanguas Martinez, Hermogenes"]
[Black "Garcia Torres, Adolfo"]
[Result "0-1"]
[WhiteElo "1490"]
[BlackElo "1457"]
[PlyCount "158"]
[EventDate "2016.04.08"]
[EventType "swiss"]
[EventRounds "8"]
[EventCountry "ESP"]
[SourceTitle "CBM 172 Extra"]
[Source "ChessBase"]
[SourceDate "2016.06.21"]
[SourceVersion "1"]
[SourceVersionDate "2016.06.21"]
[SourceQuality "1"]

1. c4 e5 2. Nc3 Nf6 3. g3 c6 4. Bg2 Bc5 5. d3 h6 6. Nf3 d6 7. 0-0 a6 8. Nd2 Be6 9. Qa4 0-0 10. b4 Ba7 11. b5 axb5 12. Qb3 Nbd7 13. Nde4 Nxe4 14. Nxe4 d5 15. cxd5 Bxd5 16. Qc2 Bd4 17. Bb2 f5 18. Bxd4 exd4 19. Nc5 Nxc5 20. Qxc5 Bxa2 21. Bh3 Qd5 22. Qb6 Qd7 23. e4 dxe3 24. Qxe3 b4 25. Qd2 b3 26. d4 c5 27. d5 Qd6 28. Rfe1 Rad8 29. Qd3 Qxd5 30. Qb5 c4 31. Qb4 Rc8 32. Red1 Qf7 33. Bg2 Rcd8 34. Bf1 Rxd1 35. Rxd1 b2 36. Qxb2 Bb3 37. Rc1 b5 38. Bg2 Qe6 39. Qd4 Kh8 40. Qc5 Rb8 41. Bc6 Ba4 42. Bd5 Qe5 43. Qa7 Rd8 44. Bxc4 Rd1+ 45. Rxd1 Bxd1 46. Qa8+ Kh7 47. Qg8+ Kg6 48. Bf7+ Kf6 49. Qd8+ Kxf7 50. Qxd1 Kg8 51. Qb3+ Kh8 52. Qb1 Qc5 53. h3 b4 54. Qd3 Qe5 55. Kf1 Qa1+ 56. Ke2 Qe5+ 57. Kd2 Qc5 58. g4 Qxf2+ 59. Kc1 Qe1+ 60. Kb2 Qc3+ 61. Qxc3 bxc3+ 62. Kxc3 f4 63. Kd3 g5 64. Ke4 Kg7 65. h4 Kf6 66. h5 Ke6 67. Kd4 Kd6 68. Ke4 Kc5 69. Kd3 Kb4 70. Kd4 Ka3 71. Ke4 Kb2 72. Kd3 Kc1 73. Ke2 Kc2 74. Kf3 Kd3 75. Kf2 Ke4 76. Ke2 f3+ 77. Kf1 Kf4 78. Kf2 Kxg4 79. Ke3 Kg3 0-1

[Event "Vall del Tenes op 3rd"]
[Site "Santa Eulalia de Roncana"]
[Date "2014.05.02"]
[Round "2"]
[White "Tunica Riu, Cecili"]
[Black "Yanguas Martinez, Hermogenes"]
[Result "0-1"]
[WhiteElo "1700"]
[BlackElo "1801"]
[PlyCount "88"]
[EventDate "2014.04.25"]
[EventType "swiss"]
[EventRounds "8"]
[EventCountry "ESP"]
[SourceTitle "CBM 160 Extra"]
[Source "ChessBase"]
[SourceDate "2014.07.01"]
[SourceVersion "1"]
[SourceVersionDate "2014.07.01"]
[SourceQuality "1"]

1. Nf3 d5 2. d4 Nf6 3. g3 Nc6 4. Bg2 e5 5. Nxe5 Nxe5 6. dxe5 Ng4 7. Qd4 c5 8. Qxd5 Qxd5 9. Bxd5 Nxe5 10. 0-0 Be7 11. c4 0-0 12. Nc3 Ng6 13. Be3 Bh3 14. Bg2 Bxg2 15. Kxg2 b6 16. Nd5 Bd6 17. Rad1 Rad8 18. h4 h6 19. f4 Rfe8 20. Rf3 Ne7 21. f5 f6 22. g4 Nc6 23. g5 fxg5 24. hxg5 hxg5 25. Bxg5 Rxe2+ 26. Kf1 Rde8 27. Bh4 Rh2 28. Bf2 Ne5 29. Re3 Kf7 30. Bg1 Rxb2 31. Re2 Rxe2 32. Kxe2 Nxc4+ 33. Kf3 Rh8 34. Bf2 Ne5+ 35. Ke4 Rh2 36. Bg3 Re2+ 37. Ne3 Nc4 38. Bxd6 Rxe3+ 39. Kf4 Re2 40. Bc7 Rd2 41. Rxd2 Nxd2 42. Be5 Nc4 43. Bc3 Nd6 44. Kg5 Ne4+ 0-1

[Event "Vall del Tenes op 3rd"]
[Site "Santa Eulalia de Roncana"]
[Date "2014.04.25"]
[Round "1"]
[White "Yanguas Martinez, Hermogenes"]
[Black "Bouzas Arcos, Juan Manuel"]
[Result "0-1"]
[WhiteElo "1801"]
[BlackElo "2012"]
[PlyCount "48"]
[EventDate "2014.04.25"]
[EventType "swiss"]
[EventRounds "8"]
[EventCountry "ESP"]
[SourceTitle "CBM 160 Extra"]
[Source "ChessBase"]
[SourceDate "2014.07.01"]
[SourceVersion "1"]
[SourceVersionDate "2014.07.01"]
[SourceQuality "1"]

1. c4 f5 2. Nc3 Nf6 3. g3 e6 4. Bg2 d5 5. Qb3 c6 6. d3 Bd6 7. e3 0-0 8. Nge2 Qe8 9. Bd2 Kh8 10. d4 Nbd7 11. c5 Bc7 12. Qc2 e5 13. 0-0 exd4 14. Nxd4 Ne4 15. b4 Ne5 16. Nxe4 fxe4 17. f3 exf3 18. Nxf3 Bf5 19. Qb3 Nc4 20. Qc3 Be4 21. Qd4 Rxf3 22. Bc3 Rxf1+ 23. Rxf1 Be5 24. Qd1 Bxc3 0-1

[Event "Terrassa Barad op"]
[Site "Terrassa"]
[Date "2013.??.??"]
[Round "1"]
[White "Yanguas Martinez, Hermogenes"]
[Black "Barroso Quinones, Antonio"]
[Result "0-1"]
[WhiteElo "1511"]
[BlackElo "1829"]
[PlyCount "120"]
[EventDate "2013.10.18"]
[EventType "swiss"]
[EventRounds "8"]
[EventCountry "ESP"]
[SourceTitle "EXT 2015"]
[Source "ChessBase"]
[SourceDate "2014.11.20"]
[SourceVersion "1"]
[SourceVersionDate "2014.11.20"]
[SourceQuality "1"]

1. d4 Nf6 2. c4 e6 3. Nc3 Bb4 4. Nf3 c6 5. Bd2 d5 6. Na4 Bd6 7. c5 Bc7 8. a3 0-0 9. Bg5 h6 10. Bh4 Nbd7 11. e3 e5 12. b4 Re8 13. Be2 exd4 14. Nxd4 Be5 15. 0-0 Qc7 16. f4 Bxd4 17. exd4 Ne4 18. Bd3 Nf8 19. Bxe4 Rxe4 20. Bg3 Bf5 21. Nc3 Re3 22. Qd2 Rd3 23. Qb2 Qe7 24. Rfe1 Qf6 25. Bf2 Ne6 26. Ne2 Qg6 27. Rad1 Be4 28. Bg3 Rxd1 29. Rxd1 h5 30. Nc3 f5 31. Nxe4 fxe4 32. b5 Qg4 33. Rf1 h4 34. f5 Ng5 35. Rf4 Qd1+ 36. Rf1 Qh5 37. Be5 Qg4 38. bxc6 b6 39. cxb6 axb6 40. Qb3 h3 41. Qxd5+ Kh7 42. Qa2 Rxa3 43. Qb2 Rd3 44. Qc2 Nf3+ 45. Rxf3 exf3 46. g3 Qe4 47. Kf2 Qe3+ 48. Kf1 f2 49. Qe2 Qc1+ 50. Kxf2 Rd2 51. c7 Rxe2+ 52. Kxe2 b5 53. d5 Qc4+ 54. Ke3 Qc1+ 55. Kd3 Qc4+ 56. Ke3 Qc1+ 57. Kd3 b4 58. d6 b3 59. Bc3 Qf1+ 60. Ke4 Qc4+ 0-1

[Event "Vall del Tenes op 1st"]
[Site "Vall del Tenes"]
[Date "2012.05.25"]
[Round "7"]
[White "Izquierdo Fuster, Joan"]
[Black "Yanguas Martinez, Hermogenes"]
[Result "0-1"]
[WhiteElo "1239"]
[BlackElo "1892"]
[PlyCount "60"]
[EventDate "2012.04.13"]
[EventType "swiss"]
[EventRounds "8"]
[EventCountry "ESP"]
[SourceTitle "CBM 148 Extra"]
[Source "ChessBase"]
[SourceDate "2012.06.22"]
[SourceVersion "1"]
[SourceVersionDate "2012.06.22"]
[SourceQuality "1"]

1. e4 e5 2. Nc3 Nf6 3. a3 d5 4. Qe2 dxe4 5. Nxe4 Nxe4 6. Qxe4 Qd4 7. Bb5+ c6 8. Bd3 Bc5 9. Qxd4 exd4 10. Nf3 0-0 11. Be4 Re8 12. Ng5 f5 13. 0-0 fxe4 14. d3 e3 15. Re1 exf2+ 16. Kxf2 Rxe1 17. Kxe1 Bd6 18. g3 Bg4 19. Bd2 Nd7 20. Kf2 Re8 21. Ne4 Bc7 22. Re1 Rf8+ 23. Kg1 Nf6 24. Nf2 Bh5 25. Bb4 Re8 26. Re7 Rxe7 27. Bxe7 Nd5 28. Bc5 Bb6 29. Bd6 Ne3 30. g4 Nxg4 0-1